| 000 | 02360nam a22003977a 4500 | ||
|---|---|---|---|
| 001 | 105964 | ||
| 003 | KnowledgeUnlatched | ||
| 005 | 20210303104932.0 | ||
| 006 | m o d | ||
| 007 | cr u|||||||||| | ||
| 008 | 210129p20192020xx o u00| u ger d | ||
| 037 | _5BiblioBoard | ||
| 245 | 0 | 0 |
_aIlluminierte Urkunden. Beiträge aus Diplomatik, Kunstgeschichte und Digital Humanities / Illuminated Charters. Essays from Diplomatic, Art History and Digital Humanities _bIlluminated Charters. Essays from Diplomatic, Art History and Digital Humanities / _cGabriele Bartz, Markus Gneiß. |
| 020 | _a9783412512385 | ||
| 024 | 8 | _ahttps://doi.org/10.7788/9783412512385 | |
| 029 | 1 | _ahttps://library.biblioboard.com/ext/api/media/bdaec7a9-fb22-44cf-b145-e3ee1c1ce7db/assets/thumbnail.jpg | |
| 040 |
_aScCtBLL _cScCtBLL |
||
| 506 | 0 |
_aAccess copy available to the general public. _fUnrestricted _2star |
|
| 700 | 1 |
_aBartz, Gabriele _eeditor. |
|
| 700 | 1 |
_aGneiß, Markus _eeditor. |
|
| 264 | 1 | _bBöhlau, | |
| 300 | _a1 online resource (1 p.) | ||
| 490 | 1 | _aBeihefte zum Archiv für Diplomatik, Schriftgeschichte, Siegel- und Wappenkunde, Band 16 | |
| 520 | _aIlluminated documents have long been treated as research stepchildren. Not least because of the use of digital aids, they have increasingly come into the public eye in the past decade. The newly awakened research interest focuses on the changed performativity of certificates through the addition of decorative elements. The richly illustrated volume presents essays by researchers from eleven countries who examine illuminated certificates from different perspectives of their disciplines. | ||
| 588 | 0 | _aDescription based on print version record. | |
| 590 | _aKU Open Services | ||
| 650 | 7 |
_aHistory / Europe _2bisacsh |
|
| 650 | 0 | _aHistory | |
| 655 | 0 | _aElectronic books. | |
| 758 |
_iIs found in: _aKnowledge Unlatched _1https://openresearchlibrary.org/module/2774bc74-146a-484f-a7ba-ab1d6a09bbfb |
||
| 830 | 0 | _aBeihefte zum Archiv für Diplomatik, Schriftgeschichte, Siegel- und Wappenkunde, Band 16 | |
| 856 | 4 | 0 |
_uhttps://openresearchlibrary.org/content/bdaec7a9-fb22-44cf-b145-e3ee1c1ce7db _zView this content on Open Research Library. _70 |
| 999 |
_c33020 _d33020 |
||